Normal view
MARC view
- University of Karachi.
Entry Corporate Name
001 - CONTROL NUMBER
- control field: 19229
003 - CONTROL NUMBER IDENTIFIER
- control field: NUST
005 - DATE AND TIME OF LATEST TRANSACTION
- control field: 20190809050649.0
008 - FIXED-LENGTH DATA ELEMENTS
- fixed length control field: 190809|| aca||aabn | a|a d
040 ## - CATALOGING SOURCE
- Original cataloging agency: NUST
- Transcribing agency: NUST
110 ## - HEADING--CORPORATE NAME
- Corporate name or jurisdiction name as entry element: University of Karachi.
- Subordinate unit: Applied Economics Research Centre.
670 ## - SOURCE DATA FOUND
- Source citation: Work cat.: (NUST)2366: Pakistan journal of applied economics., [1982?-]
